000 00394cam a2200145 a 4500
020 _a002354841X
040 _cDLC
082 0 0 _a530 PRE 1995 A034 Or.
100 1 _aHobson, Art,
245 1 0 _aPhysics :
_bconcepts and connections /
260 _aEnglewood Cliffs, N.J. :
_bPrentice Hall,
_cc1995.
300 _axix, 530 p. :
_bill. (some col.), map ;
_c25 cm.
650 0 _aPhysics
942 _cEK
999 _c12542
_d12542